000 01617nam a2200409 a 4500
999 _c22654
_d22654
001 C00605692
003 OSt
005 20221212120652.0
007 ta
008 220324s2021 pe a gr 000 0 spa
017 _a2021-06601
020 _a9786124842269
040 _apelibn
_bspa
_erda
_cpelibn
082 1 4 _a985.019
100 1 _aZavala, Enrique,
_d1971-,
_eautor.
_948788
245 1 3 _aLa niña de los 500 años :
_breportaje a Juanita y a su otro descubridor /
_cEnrique Zavala.
250 _aPrimera edición.
264 3 1 _aLima :
_bEY,
_c2021.
264 3 3 _aLima :
_bCadillo Comunicación Gráfica.
300 _a238 páginas :
_bilustraciones en color ;
_c24 cm.
336 _aTexto
_2rdacontent
337 _asin mediación
_2rdamedia
338 _avolumen
_2rdacarrier
500 _a"Edición de Conmemoración del Bicentenario de la Independencia del Perú"
650 1 8 _aMomias
_z-Perú.
_948789
650 2 8 _aMomias
_x-Conservación y restauración
_z-Perú.
_948790
650 2 8 _aIncas
_x-Costumbres y ritos fúnebres.
_948791
650 2 8 _aExcavaciones (Arqueología)
_z-Perú
_z-Arequipa.
_948792
650 2 8 _aSacrificio humano
_z-Perú
_y-Época Prehispánica.
_948793
650 2 8 _aReportajes y reporteros
_z-Perú.
_948794
650 2 8 _aExpediciones arqueológicas
_z-Perú.
_948795
651 8 _aPerú
_x-Historia
_y-Época Prehispánica
_y-Incas.
_948796
700 1 _aLöwy, Michael,
_d1938-,
_eprologuista.
_948797
856 _uhttps://assets.ey.com/content/dam/ey-sites/ey-com/es_pe/topics/growth/ey-la-nina-de-500-anios_v2.pdf
_zLeer en digital
942 _2ddc
_cLIBROS